Citer toutes les associations de CentraleSupélec - Statistiques

Statistiques générales
  • Ce quiz a été pris 37 fois
  • Le résultat moyen est 36 sur 95
Statistiques - réponses
Associations % Correct
BDE
91%
BDS
91%
ViaRezo
88%
BDI
85%
Hyris
85%
BDA
82%
AdR
79%
Forum
79%
Pics
79%
Capèse
76%
Impact
76%
Junior entreprise
71%
CACS
68%
SBCS
65%
Club voile
62%
CommuS
62%
Guilde
62%
FACS
59%
Oser
59%
Baj
56%
CC
56%
Cercle Europe
56%
CheerUp
56%
Espérance en béton
56%
PAPS
56%
WACS
56%
BDL
53%
FIR
53%
Huma
53%
C7
50%
Gribouille
50%
Musics
50%
Symposium
50%
WEI
50%
Club Tech
47%
Genius
47%
RAID
47%
Lit de camp
44%
NCV
44%
Nuances
44%
Pascal
44%
Toucan
44%
Cent'Or
41%
Linkcs
41%
CMIX
38%
CS Design
38%
PCS
38%
CRC
35%
Gueules de bois
35%
Magnum
35%
CookieS
32%
CS Maroc
32%
ECSIT
32%
Elfics
32%
Lyrics
32%
MagiCS
32%
Crepes
29%
Manufacture
29%
Club scientifique
26%
HelpOut
26%
NdT
26%
RICS
26%
Aumatant
24%
Club montagne
24%
Cosmics
24%
CRACS
24%
CS Asie
24%
CRCF
21%
Legion Doner
21%
CheerCS
18%
Club Italien
18%
Communauté musulmane
18%
CS Israel
18%
Hagir
18%
Ordre des brasseurs
18%
PAF
18%
Club Rock
15%
Club Salsa
15%
SECS
15%
CS Finance
12%
Club Taxe
9%
Groupe biblique universitaire
9%
AvironCS
6%
BOOCS
6%
CentraleSup'Hellfest
6%
CS Studio
6%
BDTech
3%
Cinéclub
3%
Debating Society
3%
Hypnotics
3%
Astronomics
0%
Beatbocs
0%
Campus Week End
0%
Club Hip Hop
0%
Enactus
0%
Aucun quiz correspondant
Distribution des résultats
% des personnes avec chaque résultat
Percentile par nombre de réponses
Votre historique - résultats
Vous n’avez pas pris ce quiz